Software engineering (Record no. 121722)

MARC details
000 -LEADER
fixed length control field 00360nam a2200145Ia 4500
008 - FIXED-LENGTH DATA ELEMENTS--GENERAL INFORMATION
fixed length control field 230917s9999||||xx |||||||||||||| ||und||
040 ## - CATALOGING SOURCE
-- 100280
Original cataloging agency VIVEKANANDA LIBRARY
041 ## - Language
-- English
082 ## - DDC NUMBER
Classification number 005.1 S23S
100 ## - MAIN ENTRY--PERSONAL NAME
Personal name Sharma, Pankaj
245 #0 - TITLE STATEMENT
Title Software engineering
260 ## - PUBLICATION, DISTRIBUTION, ETC. (IMPRINT)
Place of publication, distribution, etc New Delhi
Name of publisher, distributor, etc APH Publishing Corporation
Date of publication, distribution, etc 2004
300 ## - PHYSICAL DESCRIPTION
Pages 363 p.
942 ## - ADDED ENTRY ELEMENTS (KOHA)
Koha item type Books
Holdings
Withdrawn status Lost status Damaged status Not for loan Location (home branch) Sublocation or collection (holding branch) Shelving location Date acquired Koha issues (times borrowed) Koha full call number Accession No. Koha date last seen Koha item type
        VIVEKANANDA LIBRARY VIVEKANANDA LIBRARY UIET Library 06/01/2004   005.1 S23S 215389 17/09/2023 Books
        VIVEKANANDA LIBRARY VIVEKANANDA LIBRARY UIET Library 06/01/2004   005.1 S23S 215390 17/09/2023 Books
        VIVEKANANDA LIBRARY VIVEKANANDA LIBRARY   06/01/2004 1 005.1 S23S 215391 23/04/2024 Books
        VIVEKANANDA LIBRARY VIVEKANANDA LIBRARY UIET Library 06/01/2004   005.1 S23S 215392 17/09/2023 Books
        VIVEKANANDA LIBRARY VIVEKANANDA LIBRARY   06/01/2004   005.1 S23S 215393 17/09/2023 Books
        VIVEKANANDA LIBRARY VIVEKANANDA LIBRARY UIET Library 06/01/2004   005.1 S23S 215394 17/09/2023 Books
        VIVEKANANDA LIBRARY VIVEKANANDA LIBRARY UIET Library 06/01/2004   005.1 S23S 215395 17/09/2023 Books
        VIVEKANANDA LIBRARY VIVEKANANDA LIBRARY UIET Library 06/01/2004   005.1 S23S 215396 17/09/2023 Books
        VIVEKANANDA LIBRARY VIVEKANANDA LIBRARY UIET Library 06/01/2004   005.1 S23S 215397 17/09/2023 Books
        VIVEKANANDA LIBRARY VIVEKANANDA LIBRARY UIET Library 06/01/2004   005.1 S23S 215398 17/09/2023 Books
        VIVEKANANDA LIBRARY VIVEKANANDA LIBRARY UIET Library 06/01/2004   005.1 S23S 215399 17/09/2023 Books
        VIVEKANANDA LIBRARY VIVEKANANDA LIBRARY UIET Library 06/01/2004   005.1 S23S 215400 17/09/2023 Books
        VIVEKANANDA LIBRARY VIVEKANANDA LIBRARY UIET Library 06/01/2004   005.1 S23S 215401 17/09/2023 Books
        VIVEKANANDA LIBRARY VIVEKANANDA LIBRARY UIET Library 06/01/2004   005.1 S23S 215402 17/09/2023 Books
        VIVEKANANDA LIBRARY VIVEKANANDA LIBRARY UIET Library 06/01/2004   005.1 S23S 215403 17/09/2023 Books
© Designed and Maintained by Vivekananda Library, MDU Rohtak